[Event "Bad Woerishofen op"]
[Site "?"]
[Date "2007.03.09"]
[Round "2"]
[White "Langheinrich, Ferenc"]
[Black "Lodes, Hermann"]
[Result "1-0"]
[WhiteElo "2396"]
[BlackElo "2159"]
[PlyCount "65"]

1. Nf3 d5 2. c4 c6 3. d4 e6 4. Nc3 dxc4 5. e3 b5 6. a4 Bb4 7. Bd2 Bxc3 8. Bxc3
Nf6 9. axb5 cxb5 10. b3 O-O 11. bxc4 bxc4 12. Bb4 Re8 13. Bxc4 Nc6 14. Ba3 Qa5+
15. Qd2 Qh5 16. O-O Na5 17. Ba2 Bb7 18. Ne5 Nc6 19. Nxc6 Bxc6 20. f3 Rab8 21.
e4 Rec8 22. Rfc1 Bb5 23. Bd6 Ra8 24. Rxc8+ Rxc8 25. Rc1 Rxc1+ 26. Qxc1 h6 27.
Qc8+ Kh7 28. Bb1 Nd7 29. e5+ g6 30. Be7 Kg7 31. Qd8 Kh7 32. h4 Nxe5 33. Bf6 1-0

[Event "Bad Woerishofen op"]
[Site "?"]
[Date "2007.03.09"]
[Round "2"]
[White "Sorm, Daniel"]
[Black "Schiffer, Steve"]
[Result "1-0"]
[WhiteElo "2400"]
[BlackElo "2165"]
[PlyCount "61"]

1. d4 g6 2. e4 Bg7 3. Nf3 d6 4. Bc4 Nf6 5. Qe2 O-O 6. e5 dxe5 7. dxe5 Nd5 8.
O-O c6 9. h3 Qc7 10. a4 e6 11. Re1 a5 12. h4 b6 13. h5 Ba6 14. Na3 Bxc4 15.
Nxc4 Nd7 16. h6 Bh8 17. Bg5 b5 18. Ncd2 b4 19. Nc4 c5 20. Nfd2 Qc6 21. f4 N7b6
22. Nxb6 Nxb6 23. b3 Nd5 24. Ne4 Rac8 25. Qc4 Rc7 26. Rad1 Nb6 27. Qe2 Nd5 28.
Qc4 Nb6 29. Qb5 Qxb5 30. axb5 a4 31. Bd8 1-0

[Event "Bad Woerishofen op"]
[Site "?"]
[Date "2007.03.09"]
[Round "2"]
[White "Boog, Frithjof"]
[Black "Bronznik, Valeri"]
[Result "1/2-1/2"]
[WhiteElo "2132"]
[BlackElo "2396"]
[PlyCount "65"]

1. d4 f5 2. Nf3 Nf6 3. e3 g6 4. Bd3 Bg7 5. Nbd2 O-O 6. O-O Nc6 7. c3 d6 8. e4
e5 9. exf5 gxf5 10. dxe5 dxe5 11. Bb5 e4 12. Qb3+ Kh8 13. Bxc6 bxc6 14. Ne5 Qe8
15. f4 Be6 16. Qa4 Nd7 17. Ndc4 Nb6 18. Nxb6 axb6 19. Qxc6 Qxc6 20. Nxc6 Bxa2
21. Be3 Bd5 22. Ne5 Rxa1 23. Rxa1 Bxe5 24. fxe5 f4 25. Rf1 f3 26. gxf3 exf3 27.
Kf2 Rg8 28. Rg1 Rxg1 29. Kxg1 Kg7 30. Bg5 c6 31. Kf2 Kg6 32. Bd8 b5 33. e6
1/2-1/2

[Event "Bad Woerishofen op"]
[Site "?"]
[Date "2007.03.09"]
[Round "2"]
[White "Fischer, Johann"]
[Black "Guenther, Thomas"]
[Result "1-0"]
[WhiteElo "2311"]
[BlackElo "2135"]
[PlyCount "77"]

1. d4 Nf6 2. c4 e6 3. Nf3 c5 4. e3 cxd4 5. exd4 Bb4+ 6. Nbd2 O-O 7. Bd3 d5 8.
c5 Ba5 9. O-O Bc7 10. b4 Nbd7 11. Re1 Re8 12. Bb2 Nh5 13. g3 f5 14. Ne5 Nxe5
15. dxe5 g6 16. Nb3 Rf8 17. f4 Bd7 18. Nd4 Qe8 19. b5 Bd8 20. a4 Ba5 21. Re2
Bb4 22. Rc2 Qe7 23. Rac1 b6 24. c6 Be8 25. Be2 Ng7 26. Kh1 Rd8 27. Nb3 g5 28.
Bf3 gxf4 29. gxf4 Qh4 30. Qd4 Be7 31. Rg2 Kh8 32. Rcg1 Bh5 33. Bxh5 Nxh5 34.
Bc1 Qh3 35. Qe3 Qh4 36. Qf3 Rfe8 37. Be3 Bc5 38. Nxc5 bxc5 39. Rg5 1-0

[Event "Bad Woerishofen op"]
[Site "?"]
[Date "2007.03.??"]
[Round "2"]
[White "Gerstner, Bernhard"]
[Black "Heika, Martin"]
[Result "1/2-1/2"]
[WhiteElo "2121"]
[BlackElo "2394"]
[PlyCount "67"]

1. e4 e6 2. d4 d5 3. Nd2 c5 4. exd5 exd5 5. Ngf3 Nc6 6. Bb5 Bd6 7. dxc5 Bxc5 8.
O-O Nge7 9. Nb3 Bd6 10. Re1 O-O 11. Bd3 h6 12. h3 a6 13. c3 Nf5 14. Bc2 Nfe7
15. Nbd4 Ng6 16. Qd3 Qf6 17. Be3 Nce7 18. Rad1 Re8 19. a4 Bd7 20. c4 Rac8 21.
Nd2 dxc4 22. Nxc4 Bb8 23. Bd2 Red8 24. Ba5 Bf5 25. Qc3 Bxc2 26. Bxd8 Bxd1 27.
Bxe7 Nxe7 28. Rxd1 Nd5 29. Qb3 b6 30. Nf3 Qe6 31. Re1 Qf5 32. Nxb6 Nxb6 33.
Qxb6 a5 34. Qa6 1/2-1/2

[Event "Bad Woerishofen sen"]
[Site "?"]
[Date "2007.03.09"]
[Round "2"]
[White "Bierwisch, Bernhard"]
[Black "Klempt, Guenther"]
[Result "1/2-1/2"]
[WhiteElo "2242"]
[BlackElo "2064"]
[PlyCount "86"]

1. e4 c5 2. Nc3 Nc6 3. g3 g6 4. Bg2 Bg7 5. d3 d6 6. Be3 e6 7. Qd2 Nge7 8. f4
O-O 9. Nf3 Rb8 10. O-O Nd4 11. Nd1 b5 12. c3 Nxf3+ 13. Bxf3 b4 14. d4 bxc3 15.
bxc3 cxd4 16. cxd4 Ba6 17. Re1 Qd7 18. Rc1 Rfc8 19. Rxc8+ Nxc8 20. Qa5 Bc4 21.
Nc3 Bf6 22. Qa3 Be7 23. d5 exd5 24. exd5 Nb6 25. Bd4 f5 26. Qc1 Re8 27. Qe3 Kf7
28. Qd2 Bf6 29. Rxe8 Bxd4+ 30. Qxd4 Qxe8 31. Kf2 Kg8 32. g4 Qe7 33. g5 Ba6 34.
a4 Qc7 35. Be2 Bxe2 36. Kxe2 Qe7+ 37. Qe3 Kf7 38. Qxe7+ Kxe7 39. Kd3 Nd7 40.
Kc4 a6 41. a5 Nc5 42. Ne2 Nb7 43. Kb4 Nc5 1/2-1/2

[Event "Bad Woerishofen op"]
[Site "?"]
[Date "2007.03.09"]
[Round "2"]
[White "Mainka, Romuald"]
[Black "Jaenig, Reinhard"]
[Result "1-0"]
[WhiteElo "2492"]
[BlackElo "2176"]
[PlyCount "73"]

1. e4 c5 2. Nf3 e6 3. d4 cxd4 4. Nxd4 Bc5 5. Nb3 Bb6 6. Nc3 a6 7. Bf4 Nc6 8.
Qd2 Nge7 9. O-O-O O-O 10. Bd6 f5 11. e5 Rf7 12. f4 g5 13. g3 Ng6 14. Bg2 gxf4
15. gxf4 Qh4 16. Rdf1 Rg7 17. Kb1 Qg4 18. Bxc6 bxc6 19. Bc5 Bc7 20. Rhg1 Qh3
21. Na4 a5 22. Bb6 Ba6 23. Rd1 Bb5 24. Bxc7 Bxa4 25. Nc5 Bb5 26. Nxd7 Kh8 27.
Nb6 Re8 28. Bd8 Rb7 29. c4 Ba6 30. Qxa5 Ra7 31. Bf6+ Kg8 32. Qc5 Qf3 33. h4 Rb7
34. h5 Qxh5 35. Qxc6 Reb8 36. Qxe6+ Kf8 37. Rd7 1-0

[Event "Bad Woerishofen op"]
[Site "Bad Woerishofen"]
[Date "2007.03.09"]
[Round "2"]
[White "Schweiger, Georg"]
[Black "Eisenbeis, Norman"]
[Result "1/2-1/2"]
[WhiteElo "2158"]
[BlackElo "2129"]
[PlyCount "43"]
[EventDate "2007.03.08"]

1. d4 Nf6 2. Nc3 d5 3. Bg5 e6 4. Nf3 Be7 5. Bxf6 Bxf6 6. e4 dxe4 7. Nxe4 Nd7 8.
Bc4 O-O 9. Qe2 Nb6 10. Bb3 a5 11. Nxf6+ Qxf6 12. c4 Rd8 13. O-O Nd7 14. Rad1 b6
15. Qe4 Ba6 16. Bc2 g6 17. Ne5 Nxe5 18. dxe5 Qe7 19. Rd3 Rab8 20. Rfd1 Rxd3 21.
Rxd3 Rd8 22. b3 1/2-1/2

[Event "Bad Woerishofen op"]
[Site "Bad Woerishofen"]
[Date "2007.03.09"]
[Round "2"]
[White "Rolle, Eric"]
[Black "Santl, Anton"]
[Result "1-0"]
[WhiteElo "2202"]
[BlackElo "2103"]
[PlyCount "47"]
[EventDate "2007.03.08"]

1. e4 c5 2. Nf3 d6 3. d4 cxd4 4. Nxd4 Nf6 5. Nc3 a6 6. Be3 Ng4 7. Bc1 Nf6 8. f3
e5 9. Nb3 Be6 10. Be3 h5 11. Qd2 Be7 12. O-O-O Nbd7 13. Qf2 b5 14. Kb1 Qc7 15.
Rg1 b4 16. Nd5 Bxd5 17. exd5 O-O 18. g4 hxg4 19. fxg4 Rfc8 20. g5 Ne4 21. Qg2
Nec5 22. g6 f6 23. Nxc5 dxc5 24. d6 1-0

[Event "Bad Woerishofen sen"]
[Site "Bad Woerishofen"]
[Date "2007.03.09"]
[Round "2"]
[White "Rahn, Oskar"]
[Black "Schratzenstaller, Albert"]
[Result "1-0"]
[WhiteElo "2122"]
[BlackElo "1962"]
[PlyCount "81"]
[EventDate "2007.03.08"]

1. e4 d6 2. d4 g6 3. Nc3 Bg7 4. f4 c5 5. Be3 b6 6. Nf3 Nf6 7. Bb5+ Bd7 8. Bc4
e6 9. dxc5 dxc5 10. Ne5 O-O 11. Qf3 a6 12. Nxd7 Nfxd7 13. e5 Ra7 14. a4 Qc7 15.
O-O Nc6 16. Rad1 Rc8 17. Kh1 Ndb8 18. Ne4 Rd8 19. Qg3 Qe7 20. Rxd8+ Qxd8 21.
Qf3 Rd7 22. c3 Ne7 23. Nd6 Nc8 24. Nxf7 Kxf7 25. f5 Kg8 26. Bxe6+ Kh8 27. fxg6
Re7 28. Qh3 Bxe5 29. Bxc8 Qg8 30. Bf5 Qc4 31. Rd1 Nc6 32. Qf3 Qh4 33. g3 Bxg3
34. Qxg3 Qxg3 35. hxg3 Rxe3 36. gxh7 Rf3 37. g4 Rh3+ 38. Kg2 Rh6 39. Re1 b5 40.
Re8+ Kg7 41. Rg8+ 1-0

[Event "Bad Woerishofen op"]
[Site "Bad Woerishofen"]
[Date "2007.03.09"]
[Round "2"]
[White "Bartels, Holger"]
[Black "Skembris, Spyridon"]
[Result "1-0"]
[WhiteElo "2143"]
[BlackElo "2459"]
[PlyCount "91"]
[EventDate "2007.03.08"]

1. e4 c5 2. Nf3 Nc6 3. d4 cxd4 4. Nxd4 Qb6 5. Nb3 Nf6 6. Nc3 e6 7. Qe2 Bb4 8.
Bd2 O-O 9. O-O-O d5 10. Be3 d4 11. Na4 Qc7 12. Nxd4 Nxe4 13. Nxc6 Qxc6 14. Qb5
Qxb5 15. Bxb5 Nd6 16. Be2 Nf5 17. Bc5 Bxc5 18. Nxc5 b6 19. Bf3 Rb8 20. Nd7 Bxd7
21. Rxd7 a5 22. Rhd1 Nh4 23. Bb7 g5 24. R1d6 h6 25. Rxb6 Nxg2 26. Ra6 Nf4 27.
Rxa5 Kg7 28. c4 Ng6 29. a4 Kf6 30. Rb5 Ne5 31. Rxe5 Kxe5 32. a5 f5 33. a6 g4
34. b4 h5 35. b5 h4 36. a7 Rbe8 37. b6 f4 38. c5 g3 39. hxg3 hxg3 40. fxg3 f3
41. Bxf3 Rxf3 42. b7 Rff8 43. c6 Rf1+ 44. Rd1 Rff8 45. c7 Rc8 46. b8=Q 1-0

[Event "Bad Woerishofen op"]
[Site "Bad Woerishofen"]
[Date "2007.03.09"]
[Round "2"]
[White "Sirch, Franz"]
[Black "Romanishin, Oleg"]
[Result "0-1"]
[WhiteElo "2184"]
[BlackElo "2572"]
[PlyCount "82"]
[EventDate "2007.03.08"]

1. e4 c5 2. c3 Qa5 3. Nf3 e6 4. Be2 d6 5. O-O Nf6 6. d3 Nc6 7. Nbd2 Be7 8. d4
Qc7 9. Bd3 O-O 10. Re1 cxd4 11. Nxd4 a6 12. N2f3 Bd7 13. Nxc6 Bxc6 14. Nd4 Bd7
15. a4 e5 16. Nc2 Bg4 17. Be2 Be6 18. Bf3 Bb3 19. Bg5 Nd5 20. Be3 Nxe3 21. Rxe3
Rad8 22. Re1 d5 23. exd5 f5 24. g3 e4 25. Bg2 Rxd5 26. Qe2 Bc4 27. Qe3 Rd3 28.
Qc1 Rd7 29. Rd1 Rfd8 30. Rxd7 Qxd7 31. h4 g6 32. Ne3 Bb3 33. Bf1 Rc8 34. a5 Bc5
35. Be2 Bf7 36. Qd1 Qc7 37. Ng2 Qxg3 38. Qf1 f4 39. b4 Ba7 40. Kh1 Qh3+ 41. Kg1
f3 0-1

[Event "Bad Woerishofen op"]
[Site "Bad Woerishofen"]
[Date "2007.03.09"]
[Round "2"]
[White "Bu, Xiangzhi"]
[Black "Trescher, Manfred"]
[Result "1-0"]
[WhiteElo "2644"]
[BlackElo "2190"]
[PlyCount "79"]
[EventDate "2007.03.08"]

1. c4 e5 2. Nc3 Nf6 3. Nf3 Nc6 4. e4 Bc5 5. Nxe5 Nxe5 6. d4 Nxe4 7. Nxe4 Bb4+
8. Bd2 Bxd2+ 9. Qxd2 Ng6 10. O-O-O O-O 11. h4 d5 12. Nc3 Be6 13. h5 Ne7 14. h6
g6 15. Qe3 Nf5 16. Qe5 Re8 17. cxd5 f6 18. Qf4 Bf7 19. Bb5 Rf8 20. Rhe1 a6 21.
Bd3 Nd6 22. Re3 Re8 23. Rde1 Rxe3 24. fxe3 f5 25. g4 Qh4 26. Rg1 fxg4 27. Rxg4
Qh1+ 28. Kd2 Rf8 29. Ne4 Ne8 30. Qg5 Qh2+ 31. Kc3 c6 32. Rf4 cxd5 33. Nc5 Qh3
34. Qe7 Qxh6 35. Nd7 Qg7 36. a4 b5 37. a5 g5 38. Bxh7+ Kxh7 39. Nxf8+ Kg8 40.
Ne6 1-0

[Event "Bad Woerishofen op"]
[Site "Bad Woerishofen"]
[Date "2007.03.09"]
[Round "2"]
[White "Maugg, Ludwig"]
[Black "Erenska-Barlo, Hanna"]
[Result "1-0"]
[WhiteElo "2099"]
[BlackElo "2275"]
[PlyCount "71"]
[EventDate "2007.03.08"]

1. e4 c5 2. Nf3 e6 3. d4 cxd4 4. Nxd4 Nf6 5. Nc3 d6 6. Be3 a6 7. f3 Be7 8. Qd2
Bd7 9. O-O-O Nc6 10. g4 b5 11. h4 b4 12. Nce2 Ne5 13. Ng3 Qc7 14. g5 Ng8 15.
Kb1 a5 16. f4 Nc4 17. Bxc4 Qxc4 18. e5 d5 19. f5 exf5 20. Ngxf5 Bxf5 21. Nxf5
O-O-O 22. Bd4 h6 23. gxh6 gxh6 24. Rhg1 Kb8 25. Rxg8 Rhxg8 26. Nxe7 Rge8 27.
Nf5 Re6 28. Nd6 Qa6 29. Nxf7 Rf8 30. Nd6 Rf1 31. c3 Rg6 32. Kc2 Rxd1 33. Qxd1
Rg2+ 34. Kb1 Re2 35. c4 Rg2 36. Qf3 1-0

[Event "Bad Woerishofen op"]
[Site "Bad Woerishofen"]
[Date "2007.03.09"]
[Round "2"]
[White "Ballon, Guenther Jan"]
[Black "Karpatchev, Alexander"]
[Result "1-0"]
[WhiteElo "2153"]
[BlackElo "2478"]
[PlyCount "101"]
[EventDate "2007.03.08"]

1. d4 Nc6 2. Nf3 d5 3. e3 Bg4 4. Be2 e6 5. Nbd2 Nf6 6. O-O Bd6 7. b3 O-O 8. c4
dxc4 9. Nxc4 a5 10. h3 Bh5 11. Bb2 a4 12. bxa4 Be7 13. Qb3 Ra7 14. Ba3 Bxa3 15.
Nxa3 Ne4 16. Rfd1 Ng5 17. Nxg5 Bxe2 18. Rd2 Qxg5 19. Rxe2 Qa5 20. Nb5 Ra6 21.
Rd1 Ne7 22. Rc2 c6 23. Nc3 Rb6 24. Qa3 Nd5 25. Nxd5 exd5 26. Rc5 Qb4 27. Qxb4
Rxb4 28. a5 Ra8 29. Rd3 Ra7 30. Rb3 Rc4 31. a6 Rxa6 32. Rxb7 Kf8 33. Rxc4 dxc4
34. Rb4 Rxa2 35. Rxc4 Ra6 36. g4 Ke7 37. Kg2 Kd6 38. Rc5 h6 39. h4 Rb6 40. h5
f6 41. Ra5 Rb7 42. Kf3 Ke6 43. Kf4 Kf7 44. f3 Ke6 45. Ra8 Rc7 46. Ra6 Kd5 47.
Ra5+ Kd6 48. e4 Rb7 49. Ra6 Kd7 50. Kf5 Rb3 51. f4 1-0

[Event "Bad Woerishofen sen"]
[Site "?"]
[Date "2007.03.09"]
[Round "2"]
[White "Moeckel, Edgar Dr."]
[Black "Goy, Udo"]
[Result "0-1"]
[WhiteElo "2015"]
[BlackElo "2215"]
[PlyCount "54"]
[EventDate "2007.??.??"]

1. d4 Nf6 2. c4 g6 3. Nc3 d5 4. cxd5 Nxd5 5. e4 Nxc3 6. bxc3 Bg7 7. Bc4 O-O 8.
Ne2 c5 9. O-O Nc6 10. Be3 Na5 11. Bd3 b6 12. dxc5 bxc5 13. Bxc5 Qc7 14. Be3 Nc4
15. Bf4 e5 16. Bc1 Be6 17. Qc2 Rac8 18. Rd1 Qc5 19. Bxc4 Qxc4 20. Be3 Rc7 21.
Rd2 h6 22. Rad1 Kh7 23. Qb2 Qxe4 24. Rd8 Rxd8 25. Rxd8 Rb7 26. Qd2 Bf6 27. Ra8
Rb1+ 0-1

[Event "Bad Woerishofen sen"]
[Site "?"]
[Date "2007.03.09"]
[Round "2"]
[White "Lang, Hermann"]
[Black "Mittermaier, Walter"]
[Result "1-0"]
[WhiteElo "1955"]
[BlackElo "2155"]
[PlyCount "31"]
[EventDate "2007.??.??"]

1. c4 g6 2. Nc3 Bg7 3. g3 c6 4. Bg2 f5 5. d3 Nf6 6. Nf3 d6 7. O-O O-O 8. Bd2
Nbd7 9. b4 e5 10. Qb3 Qe7 11. e4 h6 12. exf5 gxf5 13. Nh4 Qe6 14. Bh3 Ne8 15.
Rae1 Bf6 16. Nxf5 1-0

[Event "Bad Woerishofen op"]
[Site "?"]
[Date "2007.03.09"]
[Round "2"]
[White "Kugelmann, Werner"]
[Black "Klamp, Christof"]
[Result "1/2-1/2"]
[WhiteElo "2205"]
[BlackElo "2105"]
[PlyCount "34"]
[EventDate "2007.??.??"]

1. e4 c6 2. d4 d5 3. exd5 cxd5 4. Bd3 Nc6 5. c3 g6 6. Nf3 Bg7 7. Bf4 Nh6 8. O-O
O-O 9. Re1 f6 10. c4 Bg4 11. cxd5 Qxd5 12. Nc3 Qd7 13. Be2 Nf7 14. d5 Bxf3 15.
Bxf3 Nce5 16. Be2 Nd6 17. Bxe5 fxe5 1/2-1/2

[Event "Bad Woerishofen sen"]
[Site "?"]
[Date "2007.03.09"]
[Round "2"]
[White "Blosze, Winfried"]
[Black "Packroff, Hermann"]
[Result "0-1"]
[WhiteElo "1940"]
[BlackElo "2205"]
[PlyCount "74"]
[EventDate "2007.??.??"]

1. e4 Nf6 2. e5 Nd5 3. d4 d6 4. c4 Nb6 5. exd6 cxd6 6. Nc3 g6 7. Be3 Bg7 8. Nf3
O-O 9. Rc1 Nc6 10. b3 Bg4 11. Be2 d5 12. c5 Nc8 13. h3 Bxf3 14. Bxf3 e6 15. O-O
N8e7 16. Ne2 Nf5 17. g3 Qf6 18. Bg2 Nfxd4 19. Nxd4 Nxd4 20. b4 Nf5 21. Bd2 Qe7
22. Re1 Qd7 23. Bf4 Rfe8 24. g4 Nd4 25. Be5 Bxe5 26. Rxe5 Nc6 27. Re3 Nxb4 28.
Rb3 Nc6 29. Rcb1 Rab8 30. Qc1 e5 31. Qd2 e4 32. f3 Qe7 33. Qxd5 Ra8 34. Qc4 Na5
35. Rxb7 Nxc4 36. Rxe7 Rxe7 37. fxe4 Rc7 0-1

[Event "Bad Woerishofen op"]
[Site "?"]
[Date "2007.03.09"]
[Round "2"]
[White "Lupor, Andre"]
[Black "Koller, Hubert"]
[Result "1-0"]
[WhiteElo "2285"]
[BlackElo "2120"]
[PlyCount "31"]
[EventDate "2007.??.??"]

1. Nf3 d5 2. d4 c6 3. c4 dxc4 4. a4 Nf6 5. e3 Be6 6. Na3 Nbd7 7. Bxc4 Bd5 8.
O-O e6 9. Bd3 Ne4 10. Nd2 Ndf6 11. f3 Nxd2 12. Bxd2 Qb6 13. a5 Qxb2 14. Nc4
Bxc4 15. Bxc4 Bb4 16. Ra2 1-0

[Event "Bad Woerishofen op"]
[Site "?"]
[Date "2007.03.09"]
[Round "2"]
[White "Pitl, Gregory"]
[Black "Weichelt, Jens"]
[Result "1-0"]
[WhiteElo "2355"]
[BlackElo "2140"]
[PlyCount "61"]
[EventDate "2007.??.??"]

1. d4 d5 2. Nf3 Nf6 3. c4 e6 4. g3 Be7 5. Bg2 O-O 6. O-O c6 7. Qc2 b6 8. Rd1
Bb7 9. b3 Nbd7 10. Nc3 Rc8 11. Bb2 Ba6 12. e4 dxc4 13. Nd2 cxb3 14. axb3 Nb8
15. h3 Rc7 16. Nf3 Bc8 17. Bc1 g5 18. Bf4 Rb7 19. Ne5 Qe8 20. Qe2 Nfd7 21. Nc4
Qd8 22. d5 Bb4 23. Rac1 cxd5 24. exd5 e5 25. Nxe5 Re8 26. Nc6 Nxc6 27. dxc6
Rxe2 28. cxb7 Bxb7 29. Bxb7 Bxc3 30. Rxc3 Qe7 31. Bd6 1-0

[Event "Bad Woerishofen op"]
[Site "?"]
[Date "2007.03.09"]
[Round "2"]
[White "Bohnstorff, Michael"]
[Black "Bromberger, Stefan"]
[Result "0-1"]
[WhiteElo "2165"]
[BlackElo "2495"]
[PlyCount "94"]
[EventDate "2007.??.??"]

1. d4 e6 2. c3 b6 3. Bf4 Bb7 4. Nd2 f5 5. Ngf3 Nf6 6. Qb3 g6 7. e3 Bg7 8. Be2
O-O 9. O-O h6 10. Be5 Nc6 11. c4 g5 12. Bg3 Ne7 13. Ne5 d6 14. Nd3 Ng6 15. f3
Qe7 16. Rad1 Rae8 17. Bf2 e5 18. d5 e4 19. Nb4 exf3 20. gxf3 f4 21. e4 Ne5 22.
Nd3 Nfd7 23. Kh1 Bc8 24. Rg1 Kh8 25. Bd4 Nxd3 26. Bxg7+ Qxg7 27. Bxd3 Nc5 28.
Qc2 Nxd3 29. Qxd3 Qxb2 30. Nb3 Qf6 31. Nd4 a6 32. Rde1 Rf7 33. Ref1 Bd7 34. Rf2
Qe5 35. a3 g4 36. Re2 h5 37. Rge1 Rg8 38. Qd2 g3 39. Nb3 h4 40. Nc1 Rfg7 41.
Nd3 Qh5 42. Qxf4 Rf7 43. Qe3 Rxf3 44. Qd4+ Kh7 45. e5 Rg4 46. Re4 Rxe4 47. Rxe4
Rf1+ 0-1

[Event "Bad Woerishofen sen"]
[Site "?"]
[Date "2007.03.11"]
[Round "3"]
[White "Klein, Klaus"]
[Black "Dallmeier, Gerhard"]
[Result "1-0"]
[WhiteElo "2120"]
[BlackElo "1805"]
[PlyCount "38"]
[EventDate "2007.??.??"]

1. e4 c5 2. Nf3 d6 3. d4 cxd4 4. Qxd4 a6 5. Be3 Nc6 6. Qd2 Nf6 7. Nc3 e5 8. Bg5
Be7 9. O-O-O Be6 10. Bxf6 gxf6 11. Nd5 Bf8 12. Kb1 Rc8 13. Nh4 Nd4 14. c3 Bxd5
15. exd5 Nb5 16. Bxb5+ axb5 17. Nf5 Qa5 18. Rhe1 Rc4 19. a3 Rf4 1-0

[Event "Bad Woerishofen sen"]
[Site "?"]
[Date "2007.03.11"]
[Round "3"]
[White "Krebs, Dietmar"]
[Black "Zohr, Adelbert"]
[Result "1-0"]
[WhiteElo "2070"]
[BlackElo "2065"]
[PlyCount "35"]
[EventDate "2007.??.??"]

1. e4 e6 2. d4 d5 3. Nd2 c5 4. Ngf3 cxd4 5. exd5 exd5 6. Nxd4 Nf6 7. Bb5+ Bd7
8. O-O Be7 9. Re1 O-O 10. N2f3 Nc6 11. Bxc6 bxc6 12. Ne5 c5 13. Ndc6 Qe8 14.
Nxd7 Qxd7 15. Nxe7+ Kh8 16. Bg5 Rad8 17. Bxf6 gxf6 18. Qf3 1-0

[Event "Bad Woerishofen sen"]
[Site "?"]
[Date "2007.03.11"]
[Round "3"]
[White "Schirmer, Werner"]
[Black "Rahn, Oskar"]
[Result "1/2-1/2"]
[WhiteElo "2060"]
[BlackElo "2120"]
[PlyCount "47"]
[EventDate "2007.??.??"]

1. e4 e5 2. Nf3 Nc6 3. Bb5 a6 4. Ba4 Nf6 5. O-O b5 6. Bb3 Bc5 7. c3 d6 8. d4
Bb6 9. h3 O-O 10. a4 Rb8 11. axb5 axb5 12. Bg5 h6 13. Bh4 Bd7 14. dxe5 dxe5 15.
Bxf6 gxf6 16. Qd2 Kh7 17. Rd1 Be6 18. Bxe6 fxe6 19. Qd7+ Qxd7 20. Rxd7+ Kg8 21.
Na3 Rf7 22. Rad1 Nd4 23. Rxf7 Nxf3+ 24. gxf3 1/2-1/2

[Event "Bad Woerishofen sen"]
[Site "?"]
[Date "2007.03.11"]
[Round "3"]
[White "Weigel, Herbert"]
[Black "Igney, Volkhard"]
[Result "1/2-1/2"]
[WhiteElo "2130"]
[BlackElo "2255"]
[PlyCount "50"]
[EventDate "2007.??.??"]

1. e4 c5 2. Nf3 e6 3. d4 cxd4 4. Nxd4 a6 5. Bd3 Nf6 6. O-O Qc7 7. Qe2 Bd6 8. h3
Nc6 9. Nxc6 dxc6 10. c4 Bd7 11. Nc3 Be5 12. Bd2 Bd4 13. Rac1 e5 14. Kh1 O-O 15.
Bg5 Qd6 16. Qf3 Ne8 17. b3 Nc7 18. Bb1 Qg6 19. Be3 Bxe3 20. Qxe3 Ne6 21. Ne2
Rad8 22. Rcd1 Bc8 23. Bc2 Qf6 24. Rxd8 Rxd8 25. Rd1 Rxd1+ 1/2-1/2

[Event "Bad Woerishofen op"]
[Site "?"]
[Date "2007.03.11"]
[Round "3"]
[White "Gypser, Andreas"]
[Black "Bu, Xiangzhi"]
[Result "0-1"]
[WhiteElo "2245"]
[BlackElo "2640"]
[PlyCount "68"]
[EventDate "2007.??.??"]

1. e4 c5 2. Nf3 d6 3. d4 cxd4 4. Nxd4 Nf6 5. f3 e5 6. Nb3 Be7 7. c4 O-O 8. Be3
a5 9. Nc3 a4 10. Nd2 Qa5 11. Rc1 Nc6 12. Bd3 Bd8 13. Nb5 Bb6 14. Qe2 Nd7 15.
O-O Nc5 16. Bb1 Ne6 17. Rfd1 Ncd4 18. Nxd4 exd4 19. Bf2 Nf4 20. Qf1 d3 21. Bxb6
Qxb6+ 22. Kh1 Ne2 23. Bxd3 Nxc1 24. Rxc1 Qxb2 25. Rc2 Qd4 26. f4 f5 27. exf5
Bxf5 28. Bxf5 Rxf5 29. g3 Re8 30. Nf3 Qc5 31. Rd2 h6 32. Qd3 Re3 33. Qf1 Rf6
34. Rd5 Qa3 0-1

[Event "Bad Woerishofen op"]
[Site "?"]
[Date "2007.03.11"]
[Round "3"]
[White "Weichelt, Jens"]
[Black "Wiesbeck, Florian"]
[Result "1/2-1/2"]
[WhiteElo "2140"]
[BlackElo "1960"]
[PlyCount "36"]
[EventDate "2007.??.??"]

1. d4 d5 2. Nf3 Nf6 3. g3 c6 4. Bg2 Bf5 5. O-O e6 6. c4 Nbd7 7. cxd5 exd5 8.
Qb3 Qb6 9. Qe3+ Be7 10. b3 Ne4 11. Nc3 Nxc3 12. Qxc3 O-O 13. Bb2 Rfe8 14. Qd2
Nf6 15. Ne5 Rad8 16. Qf4 Bc8 17. Kh1 Bd6 18. Qc1 Qc7 1/2-1/2

[Event "Bad Woerishofen op"]
[Site "?"]
[Date "2007.??.??"]
[Round "3"]
[White "Fischer Thomas"]
[Black "Pitl Gregory"]
[Result "0-1"]
[WhiteElo "2175"]
[BlackElo "2355"]
[PlyCount "68"]
[EventDate "2007.??.??"]

1. d4 Nf6 2. Nc3 d5 3. Bg5 Nbd7 4. Qd2 h6 5. Bh4 e6 6. f3 c5 7. e3 Be7 8. Bg3
a6 9. Nh3 O-O 10. Nf4 b5 11. Be2 Bb7 12. O-O Rc8 13. Nd1 Qb6 14. Kh1 Bd6 15. c3
Qc7 16. Bd3 e5 17. dxe5 Nxe5 18. Nf2 Rfe8 19. Rfe1 Rcd8 20. Rad1 Rd7 21. Bf1
Bc6 22. b3 a5 23. Kg1 b4 24. N4d3 Ng6 25. Bxd6 Qxd6 26. Rc1 Ne4 27. fxe4 dxe4
28. Qc2 exd3 29. Bxd3 Nh4 30. Bf1 Qf6 31. e4 Qg5 32. Nh3 Nf3+ 33. Kh1 Nxe1 34.
Rxe1 Qd2 0-1

[Event "Bad Woerishofen op"]
[Site "?"]
[Date "2007.??.??"]
[Round "3"]
[White "Friedrich Norbert"]
[Black "Bartels Holger"]
[Result "*"]
[WhiteElo "2310"]
[BlackElo "2140"]
[PlyCount "39"]
[EventDate "2007.??.??"]

1. e4 c5 2. Nf3 e6 3. d4 cxd4 4. Nxd4 a6 5. Bd3 Qc7 6. O-O Nc6 7. Nxc6 dxc6 8.
f4 b5 9. a4 Bb7 10. Nd2 Nf6 11. Qe2 Be7 12. c4 b4 13. e5 Nd7 14. Ne4 Nc5 15.
Nxc5 Bxc5+ 16. Be3 Bxe3+ 17. Qxe3 c5 18. Be4 Bxe4 19. Qxe4 O-O 20. Rad1 *

[Event "Bad Woerishofen op"]
[Site "?"]
[Date "2007.??.??"]
[Round "3"]
[White "Romanishing Oleg"]
[Black "Stabloewski Andreas"]
[Result "*"]
[WhiteElo "2570"]
[BlackElo "2230"]
[PlyCount "56"]
[EventDate "2007.??.??"]

1. d4 d5 2. Nf3 c5 3. c4 e6 4. cxd5 exd5 5. Nc3 Nc6 6. g3 Nf6 7. Bg2 Be7 8. O-O
O-O 9. Bg5 Be6 10. dxc5 Bxc5 11. Rc1 Be7 12. Nd4 h6 13. Bxf6 Bxf6 14. Nxc6 bxc6
15. Na4 Rc8 16. h3 Bf5 17. e3 Qa5 18. Qe1 Qa6 19. Qd2 Rfe8 20. Rfe1 h5 21. h4
g6 22. Bf1 Qb7 23. Bd3 Bxd3 24. Qxd3 Qb4 25. Re2 Qg4 26. Rec2 Bxh4 27. Qd1
Qxd1+ 28. Rxd1 Be7 *

[Event "Bad Woerishofen op"]
[Site "?"]
[Date "2007.??.??"]
[Round "3"]
[White "Meier Volker"]
[Black "Savchenko Stanislav"]
[Result "0-1"]
[WhiteElo "2235"]
[BlackElo "2525"]
[PlyCount "86"]
[EventDate "2007.??.??"]

1. e4 c5 2. Nf3 d6 3. d4 Nf6 4. Nc3 cxd4 5. Nxd4 a6 6. Be2 e6 7. O-O Nc6 8. Be3
Bd7 9. a4 Be7 10. f4 Nxd4 11. Bxd4 Bc6 12. Bf3 O-O 13. a5 Nd7 14. Kh1 Rc8 15.
Qe1 e5 16. Be3 exf4 17. Bxf4 Ne5 18. Be2 Bg5 19. Qd2 Bxf4 20. Qxf4 Re8 21. Rfd1
Qc7 22. Rd4 Re6 23. Qd2 Rh6 24. Kg1 Re8 25. Nd5 Bxd5 26. Rxd5 Rhe6 27. b3 Nd7
28. Bg4 Rxe4 29. Bxd7 Qxd7 30. Rxd6 Qc7 31. Rd1 Qc5+ 32. Kf1 Qe5 33. g3 Re2 34.
Qf4 Qh5 35. h4 Rxc2 36. R6d2 Rxd2 37. Rxd2 Qxa5 38. b4 Qb5+ 39. Kf2 h5 40. g4
hxg4 41. Qxg4 Re6 42. Rd8+ Kh7 43. Rd4 Qe5 0-1

[Event "Bad Woerishofen op"]
[Site "?"]
[Date "2007.??.??"]
[Round "3"]
[White "Hoffmann Achim"]
[Black "Pirrot Dieter"]
[Result "0-1"]
[WhiteElo "2190"]
[BlackElo "2420"]
[PlyCount "64"]
[EventDate "2007.??.??"]

1. e4 e5 2. Nf3 d6 3. d4 exd4 4. Nxd4 Nf6 5. Nc3 Be7 6. Be2 O-O 7. Be3 Re8 8.
Bf3 c5 9. Nde2 Nc6 10. Nf4 Ne5 11. Qe2 g5 12. Nfd5 Nxd5 13. exd5 g4 14. Be4 f5
15. Bd3 a6 16. Qd2 f4 17. Bxf4 c4 18. Be4 Bf6 19. O-O b5 20. a3 Bd7 21. Rae1 a5
22. Bxe5 Bxe5 23. Qh6 Re7 24. f4 Bd4+ 25. Kh1 b4 26. axb4 axb4 27. Nd1 Qf8 28.
Qxd6 Rae8 29. Re2 Rxe4 30. Qxd7 Rxe2 31. d6 Re1 32. Qxg4+ Kh8 0-1